000 01060nam0a22002411 4500
001 v19\rc\2079712
005 20260406204705.0
035 _a(NLR Aleph) 005150607
090 _a4896560
_c4896560
100 _a20081218d1911 |||y0rusy50 ca
101 0 _arus
102 _aRU
105 _ay z |||||
200 1 _aДокладная записка уполномоченных Киевского купеческого общества его высокопревосходительству господину министру торговли и промышленности (об оставлении в силе уставов училищ и о нормах приема учеников иудейского исповедания)
210 _aКиев
_d[1911]
215 _a[4] с.
_d35
309 _aБез тит. л. и обл.
710 0 2 _aКиевское купеческое о-во
_9426519
_3RU\NLR\AUTH\889965139
801 0 _aRU
_bNLR
_gpsbo
801 1 _aRU
_bProSoft-M
_2rusmarc
852 _aNLR
_j38.77.1.614
942 _cBOOK
980 _aNB